000 00764nam a2200217 a 4500
001 13065
003 BD-JhCC
005 20230617113922.0
008 230616b2018 bg a|||| ||a| 00| 0 ben d
020 _a984703361016
035 _a(BD-JhCC)13065
040 _aBD-JhCC
_dBD-JhCC
041 _aBengali
082 _bBAB 2018
_a920
100 _aবাবু, ইসলাম তাওহীদুল
245 _aবিশ্বসেরা অর্থনীতিবিদদের বিস্ময়কর তথ্য /
_cতাওহীদুল ইসলাম বাবু ।
260 _aঢাকা:
_bকথামেলা প্রকাশন;
_c2018.
300 _a110 p. :
_c22 cm.
650 _aCollection of biography
942 _2ddc
_cBK
999 _c13065
_d13065